000
00301nam a22001097a 4500
008
170118b xxu||||| |||| 00| 0 eng d
020
_a
9780833068453
041
_a
eng
080
_a
618.2
245
_a
OPTIMIZING THE DEFENSE LANGUAGE INSTITUTE ENGLISH LANGUAGE CENTER
_c
MANACAPILLI, TH
942
_2
udc
_c
BK
999
_c
3078
_d
3078